Managerial decision modeling with spreadsheets / (Record no. 4152)
[ view plain ]
| 000 -LEADER | |
|---|---|
| fixed length control field | 00878nac a22002171u 4500 |
| 010 ## - LIBRARY OF CONGRESS CONTROL NUMBER | |
| LC control number | 2002019112 |
| 020 ## - INTERNATIONAL STANDARD BOOK NUMBER | |
| International Standard Book Number | 0130661953 |
| 082 00 - DEWEY DECIMAL CLASSIFICATION NUMBER | |
| Classification number | 658.4032 |
| Item number | R397 |
| 090 ## - LOCALLY ASSIGNED LC-TYPE CALL NUMBER (OCLC); LOCAL CALL NUMBER (OCLC) | |
| -- | 4152 |
| -- | 4152 |
| 100 ## - MAIN ENTRY--PERSONAL NAME | |
| Personal name | Render, Barry. |
| 245 10 - TITLE STATEMENT | |
| Title | Managerial decision modeling with spreadsheets / |
| Statement of responsibility, etc | Barry Render, Ralph M. Stair, Jr., Nagraj (Raju) Balakrishnan. |
| 260 ## - PUBLICATION, DISTRIBUTION, ETC. (IMPRINT) | |
| Place of publication, distribution, etc | Upper Saddle River, N.J. : |
| Name of publisher, distributor, etc | Prentice Hall, |
| Date of publication, distribution, etc | c2003. |
| 300 ## - PHYSICAL DESCRIPTION | |
| Extent | xxiii, 616 p. : |
| Other physical details | ill. ; |
| Dimensions | 26 cm. + |
| 504 ## - BIBLIOGRAPHY, ETC. NOTE | |
| Bibliography, etc | Includes bibliographical references and index. |
| 650 #0 - SUBJECT ADDED ENTRY--TOPICAL TERM | |
| Topical term or geographic name as entry element | Management |
| General subdivision | Mathematical models. |
| 650 #0 - SUBJECT ADDED ENTRY--TOPICAL TERM | |
| Topical term or geographic name as entry element | Management science. |
| 700 1# - ADDED ENTRY--PERSONAL NAME | |
| Personal name | Stair, Ralph M. |
| 700 1# - ADDED ENTRY--PERSONAL NAME | |
| Personal name | Balakrishnan, Nagraj. |
| 942 ## - ADDED ENTRY ELEMENTS (KOHA) | |
| Item type | Book - Borrowing |
| Call number prefix | 658.4032R397 |
| Withdrawn status | Item status | Damaged status | Not for loan | Home library | Current library | Shelving location | Date acquired | Source of acquisition | Total Checkouts | Total Renewals | Full call number | Barcode | Date last seen | Date last borrowed | Koha item type |
|---|---|---|---|---|---|---|---|---|---|---|---|---|---|---|---|
| Central Library | Central Library | First floor | 23/08/2007 | Purchase | 5 | 32 | 658.4032 REN | 000000256 | 15/07/2025 | 10/10/2018 | Book - Borrowing |